Statistics for What year?

Click here to take the quiz!

General Stats

  • This quiz has been taken 44 times
  • The average score is 7 of 12

Answer Stats

HintAnswer% Correct
What year did WWII come to an end?1945
97%
What year did the 9/11 attacks happen?2001
97%
When was JFK assasinated?1963
95%
When was the moon landing?1969
68%
When was the battle of Hastings?1066
65%
What year was the internet invented?1965
62%
When did Tesla release the generation 1 roadster?2006
59%
When did Pablo Escobar die?1993
57%
What year did the Boer war start?1899
38%
What year was Nikola Tesla born?1856
22%
When did William Shakespeare die?1616
16%
What year did the Roman empire fall?1453
14%

Score Distribution

Percentile by Number Answered

Percent of People with Each Score

Your Score History

You have not taken this quiz